000 00962cam a2200217 4500
001 ABS63650
008 000000n2001 000 0 eng u
035 _a(Sirsi) u111404
100 _aWard, N.
245 4 _aThe unwanted enigma: reservation of title in the construction industry
260 _c2001
490 _aInternational Construction Law Review
_v18(1) January 2001, 147-177(31)
520 _aAn indepth examination of the difficulties involved in risk-allocation where ownership of materials on a construction site is uncertain, specifically in situations where the general contractor falls insolvent in the intervening period between receiving monies from the client and paying the supplier. TAKEN FROM JOURNAL ABSTRACT
590 _aABS
650 _aRISK ALLOCATION
650 _aOWNERSHIP
650 _aBUILT ENVIRONMENT-BUILDING MATERIALS
650 _aInsolvency
_96247
690 _aBUILT ENVIRONMENT-BUILDING MATERIALS
942 _n0
999 _c66374
_d66374